Dictionary of world biography / (Record no. 80623)

MARC details
000 -LEADER
fixed length control field 01458cam a2200361Mi 4500
001 - CONTROL NUMBER
control field on1223090101
003 - CONTROL NUMBER IDENTIFIER
control field OCoLC
005 - DATE AND TIME OF LATEST TRANSACTION
control field 20240620195749.0
006 - FIXED-LENGTH DATA ELEMENTS--ADDITIONAL MATERIAL CHARACTERISTICS
fixed length control field m o d
007 - PHYSICAL DESCRIPTION FIXED FIELD--GENERAL INFORMATION
fixed length control field cr cnu---unuuu
008 - FIXED-LENGTH DATA ELEMENTS--GENERAL INFORMATION
fixed length control field 201121s2020 at o 000 0 eng d
040 ## - CATALOGING SOURCE
Original cataloging agency EBLCP
Language of cataloging eng
Description conventions rda
Transcribing agency EBLCP
Modifying agency EBLCP
-- N$T
-- OCLCO
-- OCLCF
-- OCLCQ
-- OCLCO
-- OCLCL
-- JSTOR
-- KAT
020 ## - INTERNATIONAL STANDARD BOOK NUMBER
International Standard Book Number 9781760463809
Qualifying information (PDF)
020 ## - INTERNATIONAL STANDARD BOOK NUMBER
International Standard Book Number 1760463809
Qualifying information (PDF)
020 ## - INTERNATIONAL STANDARD BOOK NUMBER
Canceled/invalid ISBN 9781760463793
Qualifying information (print)
035 ## - SYSTEM CONTROL NUMBER
System control number (OCoLC)1223090101
037 ## - SOURCE OF ACQUISITION
Stock number 22573/ctv1bvx7dd
Source of stock number/acquisition JSTOR
050 #4 - LIBRARY OF CONGRESS CALL NUMBER
Classification number CT103
Item number .J68 2020eb
100 1# - MAIN ENTRY--PERSONAL NAME
Personal name Jones, Barry O.,
Relator term author.
Authority record control number or standard number http://id.loc.gov/authorities/names/n81047058
245 10 - TITLE STATEMENT
Title Dictionary of world biography /
Statement of responsibility, etc. Barry Jones.
250 ## - EDITION STATEMENT
Edition statement Seventh edition.
264 #1 - PRODUCTION, PUBLICATION, DISTRIBUTION, MANUFACTURE, AND COPYRIGHT NOTICE
Place of production, publication, distribution, manufacture Canberra, ACT, Australia :
Name of producer, publisher, distributor, manufacturer ANU Press,
Date of production, publication, distribution, manufacture, or copyright notice 2020.
300 ## - PHYSICAL DESCRIPTION
Extent 1 online resource (xiv, 973 pages) :
Other physical details illustrations
490 1# - SERIES STATEMENT
Series statement ANU. Lives series in biography
500 ## - GENERAL NOTE
General note Description based upon print version of record.
590 ## - LOCAL NOTE (RLIN)
Local note JSTOR
Provenance (VM) [OBSOLETE] Books at JSTOR Open Access
650 #0 - SUBJECT ADDED ENTRY--TOPICAL TERM
Topical term or geographic name entry element Biography
Form subdivision Dictionaries.
758 ## -
-- has work:
-- Dictionary of world biography (Text)
-- https://id.oclc.org/worldcat/entity/E39PCH7hBbKxVTXTB7mBcCC6yq
-- https://id.oclc.org/worldcat/ontology/hasWork
830 #0 - SERIES ADDED ENTRY--UNIFORM TITLE
Uniform title ANU.Lives series in biography.
Authority record control number or standard number http://id.loc.gov/authorities/names/no2012142559
856 40 - ELECTRONIC LOCATION AND ACCESS
Uniform Resource Identifier <a href="https://www.jstor.org/stable/10.2307/j.ctv1bxgw6g">https://www.jstor.org/stable/10.2307/j.ctv1bxgw6g</a>
942 ## - ADDED ENTRY ELEMENTS (KOHA)
Koha item type E-Book
994 ## -
-- 92
-- PHURS
Holdings
Withdrawn status Source of classification or shelving scheme Damaged status Not for loan Home library Current library Date acquired Total Checkouts Date last seen Price effective from Koha item type
  Library of Congress Classification   Not For Loan JSTOR Open Access Books JSTOR Open Access Books 06/05/2024   06/05/2024 06/05/2024 E-Book

University of Rizal System
Email us at univlibservices@urs.edu.ph

Visit our Website www.urs.edu.ph/library